000 00930nam a2200217Ia 4500
001 10848
003 GE_BSU
008 181216s||||||||xx |||||||||||||| ||und||
040 _cGE_BSU
080 _a821.353.1–1
100 _aქვლივიძე,მიხეილ
245 _aლექსები.
245 _cირაკლი აბაშიძის,კარლო კალაძის და რევაზ მარგიანის რედაქციით;რედ.მ.ფოცხიშვილი,ირ.ჯანაშვილი;მხატვ.ზ.რაზმაძე,ვ.მელიქიშვილი.
260 _aთბილისი.
260 _bლიტერატურა და ხელოვნება.
260 _c1967.
300 _a33გვ;17სმ.
300 _eფოტო გარეკანზე.
653 _aლექსები.
942 _cBK
999 _c44090
_d44090